Statistics for Heinz Ketchup Ingredients

Click here to take the quiz!

General Stats

  • This quiz has been taken 54 times
  • The average score is 4 of 6

Answer Stats

Ketchup Ingredient% Correct
Tomatoes
100%
Salt
93%
Sugar
74%
Spirit Vinegar
57%
Spice
26%
Herb Extracts
5%

Score Distribution

Percentile by Number Answered

Percent of People with Each Score

Your Score History

You have not taken this quiz